000 00751nam a22002537a 4500
001 41937
003 UA-OsUOA
005 20230816153454.0
007 ta
008 20081112b un ||||| |||| 00| 0 ukr d
040 _aUA-OsUOA
_bukr
_cUA-OsUOA
_dUA-OsUOA
041 _aukr
080 _a82-94
090 _a82-94
_bС91
100 _aСуховерський М.
245 _aМої спогади
_cМ. Суховерський
260 _aК.
_bСмолоскип
_c1997
300 _a320 с.
650 7 _a82 Література. Літературознавство
_2UDC
942 _cBK
_2udc
955 _a4
999 _c440436
_d440436